It looks like you're offline.
Open Library logo
additional options menu

MARC record from Internet Archive

LEADER: 01613nam a2200469 a 4500
001 005838876
003 MiU
005 20080819121356.0
008 050310s2006 caua b 001 0 eng
010 $a2005923883
020 $a0534644589 (student ed.)
020 $a9780534644581 (student ed.)
020 $a0495008559 (instructor's ed.)
020 $a9780495008552 (instructor's ed.)
020 $a0534274943 (Infotrac college ed. passcode)
020 $a9780534274948 (Infotrac college ed. passcode)
035 $a(OCoLC)61143861
035 $a(OCoLC)ocm61143861
040 $aDLC$cDLC$dTEF$dBAKER$dBTCTA$dQ3H$dYDXCP
042 $apcc
050 00 $aHV40$b.H53 2006
082 00 $a361.3/2$222
245 00 $aDirect social work practice :$btheory and skills /$cDean H. Hepworth ... [et al.].
250 $a7th ed.
260 $aBelmont, CA :$bThomson Brooks/Cole,$cc2006.
300 $axxii, 634 p. :$bill. ;$c26 cm.
500 $aRev. ed. of: Direct social work practice / Dean H. Hepworth, Ronald H. Rooney, Jo Ann Larsen.
500 $aIncludes passcode for Infotrac college edition.
504 $aIncludes bibliographical references (p. 587-608) and indexes.
650 0 $aSocial service.
650 6 $aService social
700 1 $aHepworth, Dean H.
700 1 $aHepworth, Dean H.$tDirect social work practice.
852 0 $aMiU$bHATCH$cGRAD$hHV 40 .H53 2006
970 $aBK$bBook
971 $aMiU
972 $c20080819
973 $aAC$bavail_circ
974 $a39015073912944$bHATCH$cGRAD$f01
994 $aZ0$bEYM
997 $aMARS
998 $cwfleming-monorec CopyCat20080819